Öffentliche Finanzen im Dienste der deutschen Einheit Bestandsaufnahme, Bewertung und wirtschaftspolitische Überlegungen

Guardado en:
Detalles Bibliográficos
Autor principal: Boss, Alfred
Otros Autores: Rosenschon, Astrid
Formato: Libro
Lenguaje:alemán
Publicado: Kiel Institut für Weltwirtschaft 1995
Edición:1. Aufl.
Colección:Kieler Arbeitspapier Nr. 717
Materias:
Etiquetas: Agregar Etiqueta
Sin Etiquetas, Sea el primero en etiquetar este registro!

MARC

LEADER 00000nam a2200000 4500
001 c014221
005 20221214071504.5
041 0 |a ger 
044 |a DE 
245 1 0 |a Öffentliche Finanzen im Dienste der deutschen Einheit  |b Bestandsaufnahme, Bewertung und wirtschaftspolitische Überlegungen  |c Alfred Boss, Astrid Rosenschon 
250 |a 1. Aufl. 
264 1 |a Kiel  |b Institut für Weltwirtschaft  |c 1995 
300 |a 67 s. 
490 1 |a Kieler Arbeitspapier  |v Nr. 717 
830 0 |a Kieler Arbeitspapier  |v Nr. 717 
610 2 0 |a financie štátne 
610 2 0 |a inventarizácia 
610 2 0 |a oceňovanie ekonomické 
610 2 0 |a rozpočet štátny 
610 2 0 |a transformácia 
610 2 0 |a Nemecko 
100 1 |a Boss, Alfred 
700 1 |a Rosenschon, Astrid